The Journal of Presbyterian History (1997-)
محفوظ في:
التنسيق: دورية
اللغة: Undetermined
منشور في:
JSTOR
Presbyterian Historical Society
الموضوعات:
الوصول للمادة أونلاين: Login to view Source
الوسوم: إضافة وسم
لا توجد وسوم, كن أول من يضع وسما على هذه التسجيلة!
رقم الطلب:
| LEADER | 00527nas a2200169Ia 4500 | ||
|---|---|---|---|
| 008 | 220214c99999999xx |||||||||||| ||und|| | ||
| 022 | |a 1521-9216 | ||
| 245 | 0 | 4 | |a The Journal of Presbyterian History (1997-) |
| 264 | 1 | |b JSTOR | |
| 264 | 1 | |b Presbyterian Historical Society | |
| 362 | 0 | |a Vol. 75(1997)-97 (2019) | |
| 653 | 1 | 0 | |a Humanities |
| 653 | 1 | 0 | |a Religion |
| 856 | 4 | 0 | |u https://www.jstor.org/journal/jpreshist |
| 942 | |c JL | ||
| 952 | |0 0 |1 0 |4 0 |7 1 |9 35781 |a JSR |b JSR |d 2022-02-14 |l 0 |r 2022-02-14 00:00:00 |w 2022-02-14 |y JL | ||
| 999 | |c 44114 |d 44114 | ||
